Normal view
MARC view
Entry Personal Name
001 - CONTROL NUMBER
- control field: 66982
003 - CONTROL NUMBER IDENTIFIER
- control field: OSt
005 - DATE AND TIME OF LATEST TRANSACTION
- control field: 20221220142006.0
008 - FIXED-LENGTH DATA ELEMENTS
- fixed length control field: 221220|| aca||aabn | a|a d
040 ## - CATALOGING SOURCE
- Original cataloging agency: OSt
- Transcribing agency: OSt
100 ## - HEADING--PERSONAL NAME
- Personal name: SEN (Mala)
670 ## - SOURCE DATA FOUND
- Source citation: Work cat.: (OSt)102662: SEN (Mala), Indias bandit queen: a true story of Phoolan Devi, 1991